| 000 | 004220000a22001210004500 | ||
|---|---|---|---|
| 090 |
_aAS _bSeriadas |
||
| 245 | 1 | 0 | _aEspecie nueva de Espeletiopsis (Asteraceae, Heliantheae) de Colombia |
| 041 | 0 | _aEspañol | |
| 700 | 1 |
_aObando, Sandra _999783 |
|
| 100 | 1 |
_aDíaz Piedrahita, Santiago _995842 |
|
| 942 | _cARTICULO | ||
| 773 | 1 |
_tRevista de la Academia Colombiana de Ciencias Exacta, Físicas y Naturales _h108 _q323-326 _d2004 _g28 |
|
| 999 |
_c16063 _d16063 |
||